000 00355 a2200169 4500
001 170857
020 _a85-02-04346-3
040 _cMagnum
100 _aDamas, Glauco
240 1 0 _aAventura alucinante
_lpor
245 1 0 _aAventura alucinante
300 _a143
362 0 _a2003
440 1 _aSaraiva
697 _aLITERATURA JUVENIL
942 _cBK
999 _c170857
_d170857